|
|
|
|
| LEADER |
01349nam a2200301 u 4500 |
| 001 |
10066126 |
| 003 |
upatras |
| 005 |
20210117201344.0 |
| 008 |
080415s1986 us eng |
| 020 |
|
|
|a 0262720094
|
| 040 |
|
|
|a ΠΑΝΕΠΙΣΤΗΜΙΟ ΠΑΤΡΑΣ
|c ΠΑΝΕΠΙΣΤΗΜΙΟ ΠΑΤΡΑΣ
|
| 041 |
0 |
|
|a eng
|
| 082 |
0 |
4 |
|a 415
|
| 100 |
1 |
|
|a Riemsdijk, Henk C. van
|9 44680
|
| 245 |
1 |
0 |
|a Introduction to the theory of grammar
|c Henk van Riemsdijk and Edwin Williams
|
| 260 |
|
|
|a Cambridge
|b MIT Press
|c c1986
|
| 300 |
|
|
|a xvi, 366 p.
|b tables, fig.
|c 23 cm
|
| 490 |
0 |
|
|a Current studies in linguistics series
|v 12
|
| 504 |
|
|
|a Includes bibliographical references and indexes
|
| 650 |
|
4 |
|a Γενετική γραμματική
|9 43892
|
| 650 |
|
4 |
|9 25618
|a Γραμματική, Συγκριτική και γενική
|x Σύνταξη
|
| 700 |
1 |
|
|a Williams, Edwin
|9 45211
|
| 760 |
0 |
|
|a Current studies in linguistics series
|g 12
|
| 852 |
|
|
|a GR-PaULI
|b ΠΑΤΡΑ
|b ΦΙΛΟΛΟΓΙΑ
|b ΔΩΡΕΕΣ
|k ΔΑΝΕΙΖ-6
|h 415 RIE
|m 7913
|p 025000145811
|
| 942 |
|
|
|2 ddc
|
| 952 |
|
|
|0 0
|1 0
|2 ddc
|4 0
|6 415_000000000000000_RIE
|7 0
|9 66046
|a LISP
|b LISP
|c BSC
|d 2016-04-24
|i 7913
|l 0
|o 415 RIE
|p 025000145811
|r 2016-04-24 00:00:00
|w 2016-04-24
|y BK15
|x Μεταφορά Τμήματος Φιλολογίας
|
| 998 |
|
|
|c ΝΤΖΕΛΕΠΗ
|d 2008-04
|
| 999 |
|
|
|c 42424
|d 42424
|